Statistics for Latin Quiz 7

Click here to take the quiz!

General Stats

  • This quiz has been taken 4 times
  • The average score is 10 of 15

Answer Stats

HintAnswer% Correct
Aedificiumbuilding
100%
CeleriterQuickly
100%
Arsskill
100%
CaelumSky
100%
Appareoto appear
100%
Aperioto open
100%
CauponaInn
67%
Animusmind
67%
AurigaCharirioteer
33%
CaupoInkeeper
33%
Advesperascitit gets dark
33%
Baculumstick, staff
33%
Alter...alterthe one...the other
33%
CelerrimeVery fast
33%
Apudwith
33%

Score Distribution

Percentile by Number Answered

Percent of People with Each Score

Your Score History

You have not taken this quiz